000 00911nam a2200277Ia 4500
003 OSt
005 20221007124127.0
006 a|||||r|||| 00| 0
007 ta
008 221006b |||||||| |||| 00| 0 eng d
020 _a9780470853481 (pbk)
024 _a86470
037 _b1561, 04/11/2009, Educational Book Agency (India)
_cTextbook
040 _aCDL
_cCDL
_beng
041 _2eng
_aeng
082 _aE:218, P9-;1 Carc
100 _aWillock David J
_9718484
245 0 _aMolecular symmetry
260 _aChichester
_bWiley
_c2009
300 _axii, 426p.
_ccm.
500 _aIncludes bibliographical references.; Appendix 299- 414p.; Index 415- 426p.
650 _a Molecular chemistry
_9718485
650 _aChemistry
942 _hE:218, P9-;1 Carc
_cTB
_2CC
999 _c1213043
_d1213043